Wzornik lasowiacki
| Titel: | Wzornik lasowiacki : hafty z okolic Tarnobrzega / / Bartłomiej Jankiewicz ; [opracowanie graficzne Karolina Pękala, Bartłomiej Jankiewicz]. |
|---|---|
| Verfasser: | |
| Beteiligt: | |
| Veröffentlicht: | Rzeszów : Muzeum Okręgowe w Rzeszowie, 2024 |
| Umfang: | 1 Schuber (1 Heft (15 gezählte Seiten), 10 ungezählte Karten, 6 gefaltete Karten) : Illustrationen, Karten ; 31 cm |
| Format: | Buch |
| Sprache: | Polnisch |
| ISBN: | 9788388085741 ; 8388085743 |
alg: 53333854 001A $03004:18-09-25 001B $03004:15-12-25 $t10:04:35.000 001D $03004:18-09-25 001U $0utf8 001X $00 002@ $0Aau 002C $aunbewegtes Bild $bsti $2rdacontent 002C $aText $btxt $2rdacontent 002D $aohne Hilfsmittel zu benutzen $bn $2rdamedia 002E $aBand $bnc $2rdacarrier 003@ $0533338549 003O $01512292836 $aOCoLC 004A $A978-83-88085-74-1 $f((oprawa miękka)) 004A $083-88085-74-3 006C $01512292836 $aOCoLC 007A $0533338549 $aHEB 010@ $apol 010E $erda 011@ $a2024 $n2024 021A $aWzornik lasowiacki $dhafty z okolic Tarnobrzega $h/ Bartłomiej Jankiewicz ; [opracowanie graficzne Karolina Pękala, Bartłomiej Jankiewicz]. 028A $BVerfasser $4aut $71361263350 $8Jankiewicz, Bartłomiej [Tp3] $952822977X 028C $BIllustrator $4ill $7104445265X $8Pekala, Karolina M. [Tp3] $9333933052 033A $pRzeszów $nMuzeum Okręgowe w Rzeszowie 034D $a1 Schuber (1 Heft (15 gezählte Seiten), 10 ungezählte Karten, 6 gefaltete Karten) 034I $a31 cm 034M $aIllustrationen, Karten 037A $aCzęść kart i kart złożonych zadrukowana dwustronnie. 044A $aWzornik $2dbn $S#7 $N655 044K $RWestslawen $#Lasowiacy $74663642-0 $8Lasowiaken [Ts1] $9102082715 044K $RKleidung $#Ethnic costume $#Costume $#Bauerntracht $#Volkstracht $#Trachten $#Festtracht $74060554-1 $8Tracht [Ts1] $9085168068 044K $RKunst $RNaive Kunst $#Folk art $#Art populaire $#Arte popolare $#Arte popular $#Volkskunst $#Volkskunst $#Bäuerliche Kunst $#Bauernkunst $#Arte plebea $74063851-0 $8Volkskunst [Ts1] $9085179000 045F $a390.09438 $eDDC23BSB 045F/01 $a390 045F/03 $g438 047C $aHafty z okolic Tarnobrzega lok: 53333854 24 exp: 53333854 24 1 #EPN 201B/01 $015-12-25 $t09:57:56.000 201C/01 $018-09-25 201U/01 $0utf8 203@/01 $01318212871 208@/01 $a15-12-25 $bz 209A/01 $a25.05220 $du $f050 $h25 05220 $x00 209C/01 $a25.05220 K $h25 05220 K 209G/01 $a75145624 $x00 220C/01 $ahae 247C/01 $8358050-7Marburg, Bibliothek des Herder-Instituts Marburg $9102600961
| LEADER | 00000cam a2200000 c 4500 | ||
|---|---|---|---|
| 001 | 533338549 | ||
| 003 | DE-603 | ||
| 005 | 20251215100435.0 | ||
| 007 | tu | ||
| 008 | 250918s2024 xx |||| | u00||u|pol c | ||
| 020 | |a 9788388085741 |c ((oprawa miękka)) | ||
| 020 | |a 8388085743 | ||
| 035 | |a (DE-599)HEB533338549 | ||
| 035 | |a (OCoLC)1512292836 | ||
| 040 | |a DE-603 |b ger |c DE-603 |d DE-603 |e rda | ||
| 041 | |a pol | ||
| 082 | 0 | 4 | |8 1\u |a 390.09438 |q DE-101 |2 23/BSB |
| 085 | |8 1\u |b 390 | ||
| 085 | |8 1\u |z 2 |s 438 | ||
| 100 | 1 | |a Jankiewicz, Bartłomiej |e Verfasser |4 aut |0 (DE-603)52822977X |0 (DE-588)1361263350 |2 gnd | |
| 245 | 0 | 0 | |a Wzornik lasowiacki |b hafty z okolic Tarnobrzega |c / Bartłomiej Jankiewicz ; [opracowanie graficzne Karolina Pękala, Bartłomiej Jankiewicz]. |
| 246 | 1 | 0 | |a Hafty z okolic Tarnobrzega |
| 264 | 1 | |a Rzeszów |b Muzeum Okręgowe w Rzeszowie |c 2024 | |
| 300 | |a 1 Schuber (1 Heft (15 gezählte Seiten), 10 ungezählte Karten, 6 gefaltete Karten) |b Illustrationen, Karten |c 31 cm | ||
| 336 | |a unbewegtes Bild |b sti |2 rdacontent | ||
| 336 | |a Text |b txt |2 rdacontent | ||
| 337 | |a ohne Hilfsmittel zu benutzen |b n |2 rdamedia | ||
| 338 | |a Band |b nc |2 rdacarrier | ||
| 500 | |a Część kart i kart złożonych zadrukowana dwustronnie. | ||
| 650 | 7 | |a Lasowiaken |0 (DE-588)4663642-0 |0 (DE-603)102082715 |2 gnd | |
| 650 | 7 | |a Tracht |0 (DE-588)4060554-1 |0 (DE-603)085168068 |2 gnd | |
| 650 | 7 | |a Volkskunst |0 (DE-588)4063851-0 |0 (DE-603)085179000 |2 gnd | |
| 700 | 1 | |a Pekala, Karolina M. |e Illustrator |4 ill |0 (DE-603)333933052 |0 (DE-588)104445265X |2 gnd | |
| 924 | 0 | |9 Mb 50 |a (DE-603)1318212871 |b DE-Mb50 |c HES |d c |g 25.05220 | |


